000 00487nam a2200205Ia 4500
003 OSt
005 20140317134603.0
008 140130s9999 xx 000 0 und d
020 _a9780439686228
050 _aPZ 7
_b.B658 2004
100 _aBlum, Jonathan
245 _aTornado Alley /
_cJonathan Blum.
260 _bScholastic,
_c2004.
_aNew York :
300 _a30 p. :
_bill. ;
_c18 cm.
440 _v1
521 _aG4
526 _c660
942 _cBK
_2lcc
999 _c40920
_d40920